00782nam a22002417a 4500003000500000005001700005008004100022010001000063011001000073020001500083035001100098040000900109100003400118245012000152260003100272300003100303490004000334650003300374650002500407700001900432710004900451830004000500CHAP20220817044228.0081001s2004 mx a r 00010 spa d a95195 a96167 a9688385735 a106813 cCHAP1 aIbarrarán, María Eugenia.10aInequidad de género en desarrollo humano :bel caso de Méxicoc/por María Eugenia Ibarrarán y Carlos Robles aMéxico :bSEDESOL,c2004 a27 p. :bgráfs., cuadros 0aDocumentos de investigaciónv; 1214aDesarrollo socialzMéxico.14aEnfoque de género.1 aRobles, Carlos0 aMéxico. Secretaría de Desarrollo Social.0 aDocumentos de investigaciónv; 12